Normal view
MARC view
- Suzuki S
Entry Personal Name
001 - CONTROL NUMBER
- control field: 215456
003 - CONTROL NUMBER IDENTIFIER
- control field: OSt
005 - DATE AND TIME OF LATEST TRANSACTION
- control field: 20251122100217.0
008 - FIXED-LENGTH DATA ELEMENTS
- fixed length control field: 251122|| aca||aabn | a|a d
040 ## - CATALOGING SOURCE
- Original cataloging agency: OSt
- Transcribing agency: OSt
100 ## - HEADING--PERSONAL NAME
- Personal name: Suzuki S
670 ## - SOURCE DATA FOUND
- Source citation: Work cat.: (OSt)96785: Suzuki S, Zen Mind, Beginners Mind - Informal Talks on Zen Meditation, 2020